000 00602nam a2200217Ia 4500
003 BUBTL
008 151213s9999 xx 000 0 und d
020 _a984-32-502-2
082 _a349.5492 / K5276 / 2007
100 _aKhan, MD. Ansar Ali
245 _aLegal System of Bangladesh /
_cMD. Ansar Ali Khan
250 _a1st ed
260 _aDhaka
_bNational Law Book House
_cc2007
300 _a[vii] , 450 p . :
_c22 cm .
650 _aLaw
650 _aLaw
_94253
700 _aMD. Ansar Ali Khan
856 _k0
_l0
_yDownload
942 _2ddc
_cBK
999 _c3132
_d3132